00944nam a22002777a 4500003000500000005001700005008004100022010001000063011001000073035001000083040000900093082001600102111010100118245001600219260007600235300002000311490005800331650003900389650003100428650004700459700002400506700001900530700002100549710003800570830005800608CHAP20220329133805.0971013s1972 r 10010 d a10942 a11914 a11759 cCHAP a635.976bM200aWildland Shrubs their Biology and Utilization An International Symposium (d1971c: Logan, Utah) aProceedings aOaden, Utah :bIntermountain Forest and Range Experiment Station,c1972 a403 p. gráfs. aEUA. Forest Service General technical Reportv; INT-114aArbustosxMorfologia y fisiologia.14aArbustosxRegiones aridas.14aBotánica económicaxRegiones áridas.0 aBlaisdell, James P.0 aGoodin, Joe R.0 aMckell, Cyrus M.0 aE.U.A. Department of Agriculture.0 aEUA. Forest Service General technical Reportv; INT-1